00470nam a2200181Ia 4500008004100000020001300041050002000054100002100074245004300095250001200138260003200150300002100182500002000203650001300223650001200236650002200248650001800270140512s9999 xx 000 0 und d a60955449 aE 176b.K4 1964 aKennedy, John F. aProfiles in courage /cJohn F. Kennedy a1st ed. aNew York :bHarper,cc1964. a249 p. :c22 cm. aIncludes index. aCongress aCourage aSenatexBiography aUnited States